[Event "THA-chT"]
[Site "Bangkok"]
[Date "2015.12.12"]
[Round "7.3"]
[White "Pornpichitwattanakij, Pornmongkol"]
[Black "Calacday, James"]
[Result "0-1"]
[WhiteElo "1587"]
[BlackElo "1365"]
[PlyCount "52"]
[EventDate "2015.12.04"]
[EventType "team-swiss"]
[EventRounds "9"]
[EventCountry "THA"]
[SourceTitle "EXT 2017"]
[Source "ChessBase"]
[SourceDate "2016.10.25"]
[SourceVersion "1"]
[SourceVersionDate "2016.10.25"]
[SourceQuality "1"]
[WhiteTeam "Bangapi Board Game"]
[BlackTeam "Aquaman"]
[WhiteTeamCountry "THA"]
[BlackTeamCountry "THA"]

1. e4 e5 2. Nf3 Nc6 3. Bc4 Bc5 4. c3 Nge7 5. d4 exd4 6. cxd4 Bb6 7. Nc3 a6 8. a3 0-0 9. 0-0 Ng6 10. Kh1 d6 11. h3 Kh8 12. b4 f5 13. Be3 f4 14. Bc1 Qf6 15. Ne2 Re8 16. Qd3 Qe7 17. Nc3 Qf6 18. Rd1 Bd7 19. g3 fxg3 20. fxg3 Bxh3 21. Nd5 Qf8 22. Nxb6 cxb6 23. Ng5 Bg4 24. Rf1 Qe7 25. Nf7+ Kg8 26. Nxd6+ Kh8 0-1

[Event "THA-chT"]
[Site "Bangkok"]
[Date "2015.12.04"]
[Round "1.3"]
[White "Nakvanich, Sahapol"]
[Black "Calacday, James"]
[Result "1-0"]
[WhiteElo "1846"]
[BlackElo "1365"]
[PlyCount "75"]
[EventDate "2015.12.04"]
[EventType "team-swiss"]
[EventRounds "9"]
[EventCountry "THA"]
[SourceTitle "EXT 2017"]
[Source "ChessBase"]
[SourceDate "2016.10.25"]
[SourceVersion "1"]
[SourceVersionDate "2016.10.25"]
[SourceQuality "1"]
[WhiteTeam "SamutPrakarn Bangapi"]
[BlackTeam "Aquaman"]
[WhiteTeamCountry "THA"]
[BlackTeamCountry "THA"]

1. e4 a6 2. d4 d6 3. Nf3 g6 4. c3 Bg7 5. Bc4 e6 6. 0-0 Ne7 7. Bg5 0-0 8. e5 dxe5 9. dxe5 Qxd1 10. Rxd1 Nec6 11. Bf4 Nd7 12. Re1 b5 13. Bf1 Rd8 14. Na3 Bb7 15. Rad1 Nb6 16. b3 Nd5 17. Bd2 Rd7 18. c4 bxc4 19. Nxc4 Rad8 20. Bg5 Re8 21. Nd4 Nc3 22. Rd3 Rxd4 23. Rxc3 h6 24. Be3 Rd7 25. f4 Red8 26. Bc5 Rd1 27. Kf2 R1d5 28. Ne3 Rd2+ 29. Re2 Rxe2+ 30. Kxe2 a5 31. Ke1 g5 32. g3 gxf4 33. gxf4 h5 34. Bg2 Rd7 35. Nc4 Bh6 36. Be3 Kh7 37. Bxc6 Bxc6 38. Nxa5 1-0